000 00718nas a2200241 4500
001 BR2016005070
003 BR-BrBNA
005 20231205130743.0
007 ta
008 230509b bl.|||p| |||| 00| 00por d
040 _aBR-BrBNA
_bpor
_cBiblioteca Nacional de Agricultura
041 _a(Pt)
072 _aL70; L73
100 1 _aRibeiro, C.P.
245 1 _aA importância da certificação de laboratórios de diagnóstico
650 _aLABORATÓRIO
650 _aVETERINÁRIA
650 _aDIAGNÓSTICO
650 _aLEGISLAÇÃO
773 0 _tRevista CFMV (Brazil)
_xISSN 1517-6959
_g(Jan-Mar 2016), v. 22(68) p. 55-57
_wBR2016005070
909 _a202311
_bLúcia
_c55
_dLúcia Elande
942 _2AGRIS
_n0
_cANA
999 _c251027
_d251027